00433nam a2200157Ia 4500008004100000020001400041082001500055100001800070245002900088250000700117260003400124300002700158500001900185600002100204650005000225240925s9999 xx 000 0 und d a697268365 a005.12 DIC aDickson , E.A 0aComputer Program Design  aNA aBoston:bMC Graw-Hillc,1996. axx,919p.bNAfOriginal aIncludes Index aComputer Science aComputer science, information & general works